Business Mathematics and Statistics. (Record no. 3631)
[ view plain ]
| 005 - DATE AND TIME OF LATEST TRANSACTION | |
|---|---|
| control field | 20250610142211.0 |
| 020 ## - INTERNATIONAL STANDARD BOOK NUMBER | |
| International Standard Book Number | 978-1-84480-128-2 |
| 082 ## - DEWEY DECIMAL CLASSIFICATION NUMBER | |
| Classification number | 510 FRA |
| 100 ## - MAIN ENTRY--PERSONAL NAME | |
| Author name | FRANCIS, A. |
| 245 ## - TITLE STATEMENT | |
| Title | Business Mathematics and Statistics. |
| 250 ## - EDITION STATEMENT | |
| Edition statement | 7th Ed |
| 260 ## - PUBLICATION, DISTRIBUTION, ETC. | |
| Place of publication, distribution, etc. | Australia, |
| Name of publisher, distributor, etc. | Cengage learning EMEA |
| Date of publication, distribution, etc. | 2014. |
| 300 ## - PHYSICAL DESCRIPTION | |
| Extent | viii, 674p.: ill.; figure, table |
| Other physical details | Index |
| Dimensions | 24cm. |
| 700 ## - ADDED ENTRY--PERSONAL NAME | |
| Other authors/Editors | MOUSLEY, B. |
| 856 ## - ELECTRONIC LOCATION AND ACCESS | |
| Link text | Access Online Book |
| Electronic name | Mathematics |
| Path | www.cengagebrain.com |
| 942 ## - ADDED ENTRY ELEMENTS (KOHA) | |
| Source of classification or shelving scheme | Dewey Decimal Classification |
| Koha item type | Books |
| Date last seen | Total checkouts | Full call number | Barcode | Cost, replacement price | Price effective from | Koha item type | Lost status | Source of classification or shelving scheme | Damaged status | Not for loan | Withdrawn status | Home library | Current library | Shelving location | Date acquired | Cost, normal purchase price |
|---|---|---|---|---|---|---|---|---|---|---|---|---|---|---|---|---|
| 06/10/2025 | 510 FRA | 00000012502 | 761148.00 | 06/10/2025 | Books | Dewey Decimal Classification | College of Business Education Main Library | College of Business Education Main Library | General Collection | 09/17/2024 | 253716.00 | |||||
| 06/10/2025 | 510 FRA | 00000012503 | 761148.00 | 06/10/2025 | Books | Dewey Decimal Classification | College of Business Education Main Library | College of Business Education Main Library | General Collection | 09/17/2024 | 253716.00 | |||||
| 06/10/2025 | 510 FRA | 00000012504 | 761148.00 | 06/10/2025 | Books | Dewey Decimal Classification | College of Business Education Main Library | College of Business Education Main Library | General Collection | 09/17/2024 | 253716.00 | |||||
| 06/10/2025 | 510 FRA | 00000012505 | 761148.00 | 06/10/2025 | Books | Dewey Decimal Classification | College of Business Education Main Library | College of Business Education Main Library | General Collection | 09/17/2024 | 253716.00 | |||||
| 06/10/2025 | 510 FRA | 00000012506 | 761148.00 | 06/10/2025 | Books | Dewey Decimal Classification | College of Business Education Main Library | College of Business Education Main Library | General Collection | 09/17/2024 | 253716.00 |
